Rumunsko na ceste do EÚ

Niekoľko základných informácií o Rumunsku. Rumunsko z pohľadu ekonóma. Základné ekonomické ukazovatele krajiny za roky 2000 - 2004. Prehľad priamych zahraničných investícií v Rumunsku v období rokov 1991 - 2004. Obchodná bilancia Slovenska s Rumunskom.

Gespeichert in:
Bibliographische Detailangaben
1. Verfasser: Horská, Elena
Format: Buchkapitel
Sprache:Slowakisch
Schlagworte:
Tags: Tag hinzufügen
Keine Tags, Fügen Sie das erste Tag hinzu!

MARC

LEADER 00000naa$a2200000$$$4500
001 0047998
005 20231108141001.1
041 0 |a slo 
044 |a SK 
245 1 0 |a Rumunsko na ceste do EÚ  |c Elena Horská 
520 |a Niekoľko základných informácií o Rumunsku. Rumunsko z pohľadu ekonóma. Základné ekonomické ukazovatele krajiny za roky 2000 - 2004. Prehľad priamych zahraničných investícií v Rumunsku v období rokov 1991 - 2004. Obchodná bilancia Slovenska s Rumunskom. 
610 2 0 |a integrácia ekonomická medzinárodná 
610 2 0 |a Európska únia 
610 2 0 |a Rumunsko 
610 2 0 |a ukazovatele ekonomické 
610 2 0 |a investície priame zahraničné 
610 2 0 |a bilancia obchodná 
610 2 0 |a Slovensko 
100 1 |a Horská, Elena